000 01407nam0a2200289 4500
001 RU\NLR\bibl\1222551
005 20260405112043.0
010 _a978-5-91253-070-8
_9300
021 _aRU
_b2008-18542
_91014
035 _a(NLR Aleph) 001208889
090 _a65390
_c65390
100 _a20080505d2007 |||y0rusy50 ca
101 0 _arus
102 _aRU
105 _ay |||||||||
200 1 _aПедагогические основы деятельности педагогов по профилактике пьянства и алкоголизма среди учащейся молодежи (историко-педагогический обзор)
_eмонография
_fВ.В. смирнов
_gФедер. агентство по образованию Рос. Федерации, Тамб. гос. ун-т им. Г.Р. Державина
210 _aТамбов
_cИзд-во Першина Р.В.
_d2007
215 _a101 с.
_d21
320 _aБиблиогр.: с. 82-85 (76 назв.)
606 1 _aАлкоголизм подростков
_xПрофилактика
_92115341
_3RU\NLR\auth\661277972
686 _aЧ421.354
700 1 _4070
_8rus
_7ca
_aСмирнов
_bВ. В.
_cканд. пед. наук
_gВадим Валерьевич
_3RU\NLR\auth\7742951
_925894
801 0 _aRU
_bNLR
_c20080505
_gRCR
801 1 _aRU
_bNLR
_c20080505
942 _cBOOK
980 _aNB